Plantation labour housing scheme rules, 1958 (Record no. 425399)

000 -LEADER
fixed length control field 00370cam a22001097a 4500
008 - FIXED-LENGTH DATA ELEMENTS--GENERAL INFORMATION
fixed length control field 180718b1958 xxu||||| |||| 00| 0 eng d
082 ## - DEWEY DECIMAL CLASSIFICATION NUMBER
Classification number XA35103x5412 B436p
245 ## - TITLE STATEMENT
Title Plantation labour housing scheme rules, 1958
Statement of responsibility, etc. by Department of Housing, West Bengal
260 ## - PUBLICATION, DISTRIBUTION, ETC.
Place of publication, distribution, etc. Calcutta
Name of publisher, distributor, etc. Department of Housing
Date of publication, distribution, etc. 1958
300 ## - PHYSICAL DESCRIPTION
Extent 21p.
700 ## - ADDED ENTRY--PERSONAL NAME
Personal name West Bengal. Department of Housing
Holdings
Withdrawn status Lost status Damaged status Not for loan Permanent Location Current Location Date acquired Full call number Barcode Date last seen Price effective from Koha item type
        Indian Institute of Public Administration Indian Institute of Public Administration 2009-10-08 XA35103x5412 B436p 24586 2018-07-21 2018-07-21 Book

Powered by Koha